000 00724nam a2200169 a 4500
008 070601s9999 ||||||||||||||||| || u
050 _aUN-ECE(01)
110 _aUnited Nations Economic Commission for Europe (UNECE)
245 1 0 _aWorking party on regulatory cooperation and standardization policies
260 _aGeneva
_bUNECE
_c
350 _a0.00
490 _aCommittee for trade, industry and enterprise development
500 _aregulatory cooperation and standardization policies
650 _aTRADE REGULATIONS
650 _aTRADE POLICY--RESEARCH
995 _D0.00
_FCBU-MAIN LIBRARY (Kitwe)
_H1
_I0.00
_M1
_UAVAILABLE
_WJun 1, 2007
_ZInternational Publications
999 _c61949
_d61949